00753nam a2200229Ia 4500003000900000008004100009040001300050040001300063041000800076100002100084245008900105250001200194260001200206260000900218300001100227300001200238490004200250490000600292942000700298999001700305952020100322IT-RoPAU120407s9999 xx 000 0 und d aIT-RoPAU cIT-RoPAU aita aHelmut Thielicke aPerplessità del seminarista di fronte al ministero sacerdotale. E altri due saggi. aBrescia aPaideia c1970 a143 p. c18,1 cm aBibl. minima di cultura religiosa, 21 v1 cBK c25711d25711 00102ddc406253_100000000000000_4271aPAULUSbPAULUSd2012-04-11l0o253.1.42r2012-04-11 00:00:00w2012-04-11yBKzInserito da: Anna In data: 05 ottobre 2011 fondo: Via A.Severo 56 Progr:28990